[Event "Ile et Vilaine-ch"]
[Site "Ile et Vilaine"]
[Date "2002.12.21"]
[Round "4"]
[White "Renou, Michel"]
[Black "Charbit, Eric"]
[Result "1-0"]
[WhiteElo "1130"]
[BlackElo "1499"]
[PlyCount "83"]
[EventDate "2002.10.19"]
[EventType "swiss"]
[EventRounds "7"]
[EventCountry "FRA"]
[SourceTitle "EXT 2008"]
[Source "ChessBase"]
[SourceDate "2007.11.25"]
[SourceVersion "1"]
[SourceVersionDate "2007.11.25"]
[SourceQuality "1"]

1. e4 e5 2. Nf3 h6 3. d4 exd4 4. Qxd4 Nc6 5. Qd1 Bc5 6. Be3 Qe7 7. Nc3 Nf6 8. Bd3 Bb4 9. 0-0 Qd6 10. Nb5 Qe7 11. Nxc7+ Kf8 12. Nxa8 Qd6 13. a3 Bc5 14. b4 Bxe3 15. fxe3 h5 16. b5 Ne5 17. Nxe5 Qxe5 18. Rf5 Qb8 19. e5 Ng4 20. Qf3 f6 21. Qf4 d6 22. exf6 Bxf5 23. Bxf5 Nxf6 24. Rd1 Ke7 25. e4 Rd8 26. Qg5 Rg8 27. e5 d5 28. Rxd5 Kf8 29. exf6 Qe8 30. fxg7+ Rxg7 31. Qf6+ Kg8 32. Be6+ Kh7 33. Nc7 Rxc7 34. Qf5+ Kh8 35. Qe5+ Rg7 36. Bf5 Qf8 37. Rd7 b6 38. a4 Kg8 39. Qe6+ Kh8 40. Qh6+ Kg8 41. Be6+ Rf7 42. Bxf7+ 1-0